000
00293nam a22001337a 4500
082
_a
823
_b
MOH/L
100
_a
MOHINI, MUDITH
245
_a
LITTLE TUPPEN
260
_a
DELHI
_b
VISHV BOOKS
300
_a
20
520
_a
ENGLISH SHORT STORY
650
_a
ENGLISH SHORT STORY
_z
DELHI
942
_c
BK
999
_c
5384
_d
5384